[Event "DVM U20 2009"]
[Site "Chemnitz GER"]
[Date "2009.12.28"]
[Round "4"]
[White "Spisla, Dominik"]
[Black "Schwenke, Vincent"]
[Result "1-0"]
[Termination "normal"]
[Board "4.5"]
[WhiteElo "1807"]
[BlackElo "1814"]
[WhiteTeam "Brackweder SK von 1924"]
[BlackTeam "SG Aufbau Elbe Magdeburg"]
[PlyCount "89"]
[WhiteFideId "24676306"]
[BlackFideId "24620467"]
[EventCountry "GER"]
[EventRounds "7"]
[EventType "team-swiss"]
[EventDate "2009.12.26"]

1. e4 c6 2. d4 d5 3. Nc3 dxe4 4. Nxe4 Bf5 5. Ng3 Bg6 6. h4 h6 7. Nf3 Nf6 8. h5
Bh7 9. Bd3 e6 10. Bxh7 Rxh7 11. Qd3 Bd6 12. Ne4 Rh8 13. Nxd6+ Qxd6 14. Bd2 Nbd7
15. O-O-O O-O-O 16. g3 Rhe8 17. Bf4 Qb4 18. Qb3 Qxb3 19. axb3 Nd5 20. Bd2 e5
21. c4 N5f6 22. Be3 Ng4 23. d5 Nxe3 24. fxe3 cxd5 25. Rxd5 f6 26. Rhd1 Nb6 27.
Rxd8+ Rxd8 28. Rxd8+ Kxd8 29. Nh4 Ke8 30. Nf5 Kf8 31. Nd6 Ke7 32. Nxb7 Kd7 33.
Nc5+ Kd6 34. Nd3 Ke6 35. Kd2 Kf5 36. c5 Nc8 37. Nf2 Ke6 38. Kc3 Kd5 39. b4 e4
40. Nh3 Ne7 41. Nf4+ Kc6 42. Ne6 Nf5 43. Nd4+ Nxd4 44. Kxd4 f5 45. Ke5 1-0

[Event "DVM U20 2009"]
[Site "Chemnitz GER"]
[Date "2009.12.28"]
[Round "4"]
[White "Nieber, Alexander"]
[Black "Olyschläger, Richard"]
[Result "0-1"]
[Termination "normal"]
[Board "4.6"]
[WhiteElo "1825"]
[BlackElo "1942"]
[WhiteTeam "SG Aufbau Elbe Magdeburg"]
[BlackTeam "Brackweder SK von 1924"]
[PlyCount "48"]
[WhiteFideId "24691224"]
[BlackFideId "24630209"]
[EventCountry "GER"]
[EventRounds "7"]
[EventType "team-swiss"]
[EventDate "2009.12.26"]

1. d4 f5 2. Bg5 g6 3. Nd2 Bg7 4. e4 h6 5. Be3 f4 6. Bxf4 Bxd4 7. c3 Bg7 8. Qg4
g5 9. Qh5+ Kf8 10. Bc4 d5 11. Bxd5 e6 12. Qf3 Qf6 13. Bxc7 exd5 14. Qg3 Na6 15.
Bd6+ Kf7 16. exd5 Bf5 17. Ngf3 Re8+ 18. Kf1 Ne7 19. h4 Bd3+ 20. Kg1 Nf5 21.
Ne5+ Rxe5 22. Bxe5 Nxg3 23. Bxf6 Ne2+ 24. Kh2 Bxf6 0-1

[Event "DVM U20 2009"]
[Site "Chemnitz GER"]
[Date "2009.12.28"]
[Round "4"]
[White "Högy, Kevin"]
[Black "Rudolf, Sebastian"]
[Result "0-1"]
[Termination "normal"]
[Board "5.1"]
[WhiteElo "2145"]
[BlackElo "2201"]
[WhiteTeam "Sfr.Neuberg"]
[BlackTeam "SG Grün-Weiß Dresden"]
[PlyCount "120"]
[WhiteFideId "24647098"]
[BlackFideId "24609390"]
[EventCountry "GER"]
[EventRounds "7"]
[EventType "team-swiss"]
[EventDate "2009.12.26"]

1. e4 c5 2. Nc3 Nc6 3. Bb5 Nd4 4. Bc4 e6 5. Nge2 Ne7 6. O-O g6 7. d3 Bg7 8. Bg5
O-O 9. f4 d6 10. Qd2 Qd7 11. f5 exf5 12. Nf4 Kh8 13. Ncd5 Nxd5 14. Nxd5 f6 15.
Be3 b5 16. Bxd4 bxc4 17. Bc3 cxd3 18. exf5 Qb7 19. Qxd3 Bxf5 20. Rxf5 gxf5 21.
Qxf5 Qf7 22. Rf1 Qg6 23. Qd7 Rad8 24. Qxa7 Qf7 25. Qxf7 Rxf7 26. Bxf6 Bxf6 27.
Rxf6 Rxf6 28. Nxf6 d5 29. Ng4 Kg7 30. Kf2 Kf7 31. b3 Ra8 32. a4 Ke6 33. Ke3 Rg8
34. Kf3 Rg7 35. g3 Kf5 36. Nf2 Ke5 37. Ke3 d4+ 38. Ke2 Rc7 39. Kd3 Rf7 40. Ke2
Kd5 41. Nd3 Re7+ 42. Kd2 c4 43. Nf4+ Kc5 44. bxc4 Kxc4 45. Ne2 Rb7 46. Nc1 Rb1
47. g4 Ra1 48. h4 Rxa4 49. Nd3 Ra3 50. g5 Ra5 51. Nb2+ Kd5 52. h5 Ke4 53. g6 h6
54. Nc4 Rxh5 55. Nd6+ Ke5 56. g7 Rh2+ 57. Kd3 Rg2 58. Nf7+ Kf6 59. Nxh6 Rxg7
60. Ke4 Rg6 0-1

[Event "DVM U20 2009"]
[Site "Chemnitz GER"]
[Date "2009.12.28"]
[Round "4"]
[White "Schnoor, Ekkehard"]
[Black "Knickel, Aaron"]
[Result "0-1"]
[Termination "normal"]
[Board "5.2"]
[WhiteElo "1997"]
[BlackElo "2111"]
[WhiteTeam "SG Grün-Weiß Dresden"]
[BlackTeam "Sfr.Neuberg"]
[PlyCount "62"]
[WhiteFideId "24639753"]
[BlackFideId "24605298"]
[EventCountry "GER"]
[EventRounds "7"]
[EventType "team-swiss"]
[EventDate "2009.12.26"]

1. e4 g6 2. d4 Bg7 3. Nc3 d6 4. f4 a6 5. Nf3 b5 6. Bd3 Nd7 7. e5 c5 8. Ng5 cxd4
9. e6 f5 10. exd7+ Bxd7 11. Nb1 e5 12. O-O Nf6 13. Bd2 h6 14. Nh3 e4 15. Be2
Qb6 16. Kh1 O-O 17. Be1 b4 18. a3 bxa3 19. Rxa3 Rfc8 20. Nd2 Be6 21. Qb1 Qc6
22. Bd1 Nd5 23. Nb3 Ne3 24. Rf2 Nxd1 25. Qxd1 e3 26. Re2 Bc4 27. Na1 Qb5 28.
Ng1 Qxb2 29. Ra5 Rc5 30. g3 Qb7+ 31. Rg2 e2 0-1

[Event "DVM U20 2009"]
[Site "Chemnitz GER"]
[Date "2009.12.28"]
[Round "4"]
[White "Seifert, Christopher"]
[Black "Kunze, Christopher"]
[Result "1-0"]
[Termination "normal"]
[Board "5.3"]
[WhiteElo "2109"]
[BlackElo "1948"]
[WhiteTeam "Sfr.Neuberg"]
[BlackTeam "SG Grün-Weiß Dresden"]
[PlyCount "59"]
[WhiteFideId "24615293"]
[BlackFideId "4647998"]
[EventCountry "GER"]
[EventRounds "7"]
[EventType "team-swiss"]
[EventDate "2009.12.26"]

1. c4 e6 2. Nf3 Nf6 3. e3 d5 4. b3 Bd6 5. Bb2 Nbd7 6. Qc2 b6 7. cxd5 exd5 8.
Nd4 O-O 9. Nf5 Nc5 10. Nxd6 cxd6 11. Be2 Bd7 12. O-O Rc8 13. Qd1 Re8 14. d3 Bf5
15. Na3 Nfd7 16. Nb5 Re6 17. Nd4 Rf6 18. Rc1 Be6 19. b4 Rg6 20. bxc5 Bh3 21. g3
Bxf1 22. Bxf1 dxc5 23. Ne2 Rd6 24. Nf4 f6 25. Bg2 Ne5 26. d4 Nc4 27. Ba1 Na5
28. dxc5 bxc5 29. Bxd5+ Kh8 30. Qh5 1-0

[Event "DVM U20 2009"]
[Site "Chemnitz GER"]
[Date "2009.12.28"]
[Round "4"]
[White "Iwanziw, Niklas"]
[Black "Marsel, Patrick"]
[Result "1-0"]
[Termination "normal"]
[Board "5.5"]
[WhiteElo "1902"]
[BlackElo "1976"]
[WhiteTeam "Sfr.Neuberg"]
[BlackTeam "SG Grün-Weiß Dresden"]
[PlyCount "95"]
[WhiteFideId "24647101"]
[BlackFideId "24623741"]
[EventCountry "GER"]
[EventRounds "7"]
[EventType "team-swiss"]
[EventDate "2009.12.26"]

1. d4 Nf6 2. c4 e6 3. Nc3 b6 4. Bg5 Be7 5. Nf3 Bb7 6. e3 O-O 7. Bd3 d5 8. O-O
Nbd7 9. Rc1 Rc8 10. Qe2 c5 11. Rfd1 Ne4 12. Bxe7 Qxe7 13. dxc5 Nxc3 14. Rxc3
dxc4 15. Bxc4 Nxc5 16. Rdc1 Ne4 17. R3c2 Ng5 18. Nd4 e5 19. Nf5 Qf6 20. Ng3 g6
21. Ba6 Rxc2 22. Rxc2 Bd5 23. Bc4 Qe6 24. h4 Nh3+ 25. gxh3 Bxc4 26. Rxc4 Qxh3
27. Qg4 Qxg4 28. Rxg4 Rc8 29. Rb4 Kg7 30. Kg2 Rc2 31. Kf3 h6 32. a4 Kf6 33. b3
Ke6 34. Rc4 Rb2 35. Rc3 f5 36. h5 g5 37. Rc6+ Kd5 38. Rxh6 g4+ 39. Kg2 f4 40.
Nf5 g3 41. Nxg3 fxg3 42. Kxg3 Rxb3 43. Rg6 Rb1 44. Kg2 Rb4 45. Kg3 Rxa4 46. h6
Ra1 47. Kh2 Ra4 48. Rg3 1-0

[Event "DVM U20 2009"]
[Site "Chemnitz GER"]
[Date "2009.12.28"]
[Round "4"]
[White "Eidner, Falk"]
[Black "Zahn, Benno"]
[Result "1/2-1/2"]
[Termination "normal"]
[Board "6.2"]
[WhiteElo "1983"]
[BlackElo "1983"]
[WhiteTeam "USG Chemnitz"]
[BlackTeam "USV Potsdam"]
[PlyCount "51"]
[WhiteFideId "24634557"]
[BlackFideId "24636070"]
[EventCountry "GER"]
[EventRounds "7"]
[EventType "team-swiss"]
[EventDate "2009.12.26"]

1. e4 c5 2. Nf3 d6 3. d4 cxd4 4. Nxd4 Nf6 5. Nc3 g6 6. Be3 Bg7 7. f3 Nc6 8. Qd2
O-O 9. Bc4 Bd7 10. O-O-O Rb8 11. Bb3 Na5 12. g4 b5 13. Qe2 Nc4 14. Bxc4 bxc4
15. Qxc4 Qa5 16. Nb3 Qd8 17. Bxa7 Ra8 18. Bd4 Be6 19. Qd3 Qc7 20. Kb1 Bc4 21.
Qd2 e5 22. Be3 Ra6 23. h4 Rd8 24. Bg5 Rda8 25. h5 Qa7 26. Be3 1/2-1/2

[Event "DVM U20 2009"]
[Site "Chemnitz GER"]
[Date "2009.12.28"]
[Round "4"]
[White "Rosenblatt, Marcus"]
[Black "Belger, Christian"]
[Result "1-0"]
[Termination "normal"]
[Board "6.4"]
[WhiteElo "1959"]
[BlackElo "1974"]
[WhiteTeam "USG Chemnitz"]
[BlackTeam "USV Potsdam"]
[PlyCount "39"]
[WhiteFideId "24627453"]
[BlackFideId "24622940"]
[EventCountry "GER"]
[EventRounds "7"]
[EventType "team-swiss"]
[EventDate "2009.12.26"]

1. e4 c5 2. Nf3 d6 3. d4 cxd4 4. Nxd4 Nf6 5. Nc3 g6 6. Be3 Bg7 7. f3 O-O 8. Qd2
Nc6 9. Bc4 Bd7 10. O-O-O Rb8 11. h4 Na5 12. Bb3 b5 13. Bh6 Bxh6 14. Qxh6 Nxb3+
15. Nxb3 Qc7 16. h5 Be6 17. Nd4 Bc4 18. g4 e6 19. Qg5 Qe7 20. Nc6 1-0

[Event "DVM U20 2009"]
[Site "Chemnitz GER"]
[Date "2009.12.28"]
[Round "4"]
[White "Henschel, Tobias"]
[Black "Oertel, Thomas"]
[Result "0-1"]
[Termination "normal"]
[Board "6.5"]
[WhiteElo "1903"]
[BlackElo "2046"]
[WhiteTeam "USV Potsdam"]
[BlackTeam "USG Chemnitz"]
[PlyCount "56"]
[WhiteFideId "24601624"]
[BlackFideId "4613902"]
[EventCountry "GER"]
[EventRounds "7"]
[EventType "team-swiss"]
[EventDate "2009.12.26"]

1. e4 e6 2. d4 d5 3. exd5 Qxd5 4. Nc3 Qd8 5. Nf3 Nf6 6. Bg5 Be7 7. Bc4 Nbd7 8.
Qd2 a6 9. Bb3 b5 10. a3 Bb7 11. O-O-O h6 12. Bf4 Nb6 13. Kb1 Nbd5 14. Bxd5 Bxd5
15. Nxd5 Nxd5 16. Be5 O-O 17. Ne1 b4 18. Nd3 bxa3 19. b3 a5 20. c4 Nb6 21. Qc3
Bf6 22. Rhe1 Nd7 23. Ka2 Nxe5 24. Nxe5 Qd6 25. c5 Qd5 26. f3 a4 27. Rb1 Rfb8
28. Red1 axb3+ 0-1

[Event "DVM U20 2009"]
[Site "Chemnitz GER"]
[Date "2009.12.28"]
[Round "4"]
[White "Klebanov, Andrej"]
[Black "Buchta, Moritz"]
[Result "1-0"]
[Termination "normal"]
[Board "6.6"]
[WhiteElo "1860"]
[BlackElo "1273"]
[WhiteTeam "USG Chemnitz"]
[BlackTeam "USV Potsdam"]
[PlyCount "57"]
[WhiteFideId "24669989"]
[EventCountry "GER"]
[EventRounds "7"]
[EventType "team-swiss"]
[EventDate "2009.12.26"]

1. b3 Nf6 2. Bb2 e6 3. Nf3 b6 4. d3 d5 5. g3 Bb7 6. Bg2 Be7 7. O-O O-O 8. c4 c5
9. cxd5 exd5 10. d4 Nbd7 11. Nc3 Rc8 12. e3 cxd4 13. Nxd4 Nc5 14. Rc1 Nce4 15.
Bxe4 dxe4 16. Qe2 Qd7 17. Kg2 Bc5 18. Rfd1 Bxd4 19. Rxd4 Qf5 20. Rcd1 Rce8 21.
h3 h5 22. Ba3 Bc8 23. Rh1 Rd8 24. Bxf8 Rxd4 25. exd4 Kxf8 26. Nd1 Ba6 27. Qxa6
Qf3+ 28. Kh2 h4 29. Qc8+ 1-0

[Event "DVM U20 2009"]
[Site "Chemnitz GER"]
[Date "2009.12.28"]
[Round "4"]
[White "Busch, Christian"]
[Black "Maiorov, Daniel"]
[Result "0-1"]
[Termination "normal"]
[Board "7.3"]
[WhiteElo "1703"]
[BlackElo "1920"]
[WhiteTeam "SV 1947 Walldorf"]
[BlackTeam "SC Königsspringer Hamburg 1984"]
[PlyCount "42"]
[WhiteFideId "1270588"]
[BlackFideId "24646920"]
[EventCountry "GER"]
[EventRounds "7"]
[EventType "team-swiss"]
[EventDate "2009.12.26"]

1. c4 Nf6 2. Nc3 Nc6 3. Nf3 e5 4. d4 e4 5. Ne5 Bb4 6. Bg5 h6 7. Bh4 Qe7 8. Nxc6
bxc6 9. e3 d5 10. cxd5 cxd5 11. Bb5+ Kf8 12. Bc6 Rb8 13. Bxf6 gxf6 14. Bxd5 Rg8
15. Qh5 Rg5 16. Qxh6+ Kg8 17. Bb3 Ba6 18. h4 Rxg2 19. Rh3 Bxc3+ 20. bxc3 Qa3
21. Rb1 Rxb3 0-1

[Event "DVM U20 2009"]
[Site "Chemnitz GER"]
[Date "2009.12.28"]
[Round "4"]
[White "Streich, Justus"]
[Black "Buchholz, Daniel"]
[Result "1/2-1/2"]
[Termination "normal"]
[Board "7.4"]
[WhiteElo "1902"]
[BlackElo "1484"]
[WhiteTeam "SC Königsspringer Hamburg 1984"]
[BlackTeam "SV 1947 Walldorf"]
[PlyCount "75"]
[WhiteFideId "24697168"]
[BlackFideId "1270589"]
[EventCountry "GER"]
[EventRounds "7"]
[EventType "team-swiss"]
[EventDate "2009.12.26"]

1. e4 e5 2. Nc3 Bc5 3. Nf3 Nc6 4. Nxe5 Bxf2+ 5. Kxf2 Nxe5 6. d4 Ng6 7. Be2 Qf6+
8. Bf3 N8e7 9. Rf1 O-O 10. Kg1 Qb6 11. Kh1 d6 12. Rb1 c6 13. Be3 Qd8 14. Qd3 f5
15. exf5 Bxf5 16. Be4 Bxe4 17. Nxe4 Qd7 18. Ng3 d5 19. Bg5 Rae8 20. Bxe7 Qxe7
21. Qd2 Qd7 22. Rbe1 Rxf1+ 23. Rxf1 Rf8 24. Rxf8+ Kxf8 25. Qg5 Qe7 26. Qxe7+
Nxe7 27. Kg1 Kf7 28. Kf2 Kg6 29. Ne2 Kf6 30. Kf3 g5 31. Ng3 Nf5 32. Nxf5 Kxf5
33. g4+ Kf6 34. Ke3 Ke6 35. b3 b5 36. Kd3 Kd6 37. c4 b4 38. c5+ 1/2-1/2

[Event "DVM U20 2009"]
[Site "Chemnitz GER"]
[Date "2009.12.28"]
[Round "4"]
[White "Siebarth, Raiko"]
[Black "Geshnizjani, Ramin Tobias"]
[Result "1-0"]
[Termination "normal"]
[Board "8.1"]
[WhiteElo "2218"]
[BlackElo "2096"]
[WhiteTeam "SG Blau-Weiß Stadtilm"]
[BlackTeam "Heilbronner SV"]
[PlyCount "87"]
[WhiteFideId "4674766"]
[BlackFideId "24633089"]
[EventCountry "GER"]
[EventRounds "7"]
[EventType "team-swiss"]
[EventDate "2009.12.26"]

1. Nc3 d5 2. e4 c6 3. f4 dxe4 4. Nxe4 Nf6 5. Nf2 Qa5 6. c3 c5 7. Bc4 e6 8. Qe2
Be7 9. Nf3 O-O 10. f5 Qb6 11. O-O Na6 12. fxe6 Bxe6 13. Bxe6 Qxe6 14. Qxe6 fxe6
15. Re1 Nc7 16. d4 cxd4 17. Nxd4 Bc5 18. Be3 Nfd5 19. Nd3 Bb6 20. Bf2 Nf4 21.
Ne5 Rad8 22. Rad1 a6 23. a4 Ng6 24. Nxg6 hxg6 25. Nf3 Bxf2+ 26. Kxf2 Rxd1 27.
Rxd1 Nd5 28. c4 Nf4 29. g3 Nh5 30. Rd6 e5 31. Ke3 e4 32. Ne5 Nf6 33. Nxg6 Re8
34. Rb6 Kf7 35. Nf4 Ng4+ 36. Ke2 Re7 37. Nd5 Rd7 38. h3 Ne5 39. b3 Nd3 40. Ke3
Nc5 41. h4 Ne6 42. Kxe4 Nc5+ 43. Ke3 Ne6 44. b4 1-0

[Event "DVM U20 2009"]
[Site "Chemnitz GER"]
[Date "2009.12.28"]
[Round "4"]
[White "Wolff, Christoph"]
[Black "Häusinger, Benjamin"]
[Result "0-1"]
[Termination "normal"]
[Board "8.3"]
[WhiteElo "1812"]
[BlackElo "1985"]
[WhiteTeam "SG Blau-Weiß Stadtilm"]
[BlackTeam "Heilbronner SV"]
[PlyCount "82"]
[WhiteFideId "24659495"]
[BlackFideId "24659576"]
[EventCountry "GER"]
[EventRounds "7"]
[EventType "team-swiss"]
[EventDate "2009.12.26"]

1. e4 c6 2. c4 d5 3. exd5 cxd5 4. d4 Nf6 5. Nc3 e6 6. Nf3 Bb4 7. a3 Bxc3+ 8.
bxc3 O-O 9. Be2 dxc4 10. Bxc4 a6 11. O-O b5 12. Bd3 Qc7 13. Qc2 Bb7 14. Ne5 h6
15. Bd2 Nbd7 16. Nxd7 Qxd7 17. a4 b4 18. cxb4 Qd5 19. f3 Qxd4+ 20. Kh1 Rfd8 21.
Ra3 Rac8 22. Qb1 e5 23. Be3 Qh4 24. Bf2 Qh5 25. Bg3 Rd4 26. Re1 e4 27. fxe4
Nxe4 28. Be2 Qd5 29. Bf3 Nxg3+ 30. hxg3 Qd7 31. Bxb7 Qxb7 32. Rae3 g6 33. Rb3
Rd2 34. Qe4 Qxe4 35. Rxe4 Rc1+ 36. Kh2 Rcc2 37. Kh3 Rxg2 38. Re8+ Kg7 39. Kg4
f5+ 40. Kf4 Rcf2+ 41. Rf3 g5+ 0-1

[Event "DVM U20 2009"]
[Site "Chemnitz GER"]
[Date "2009.12.28"]
[Round "4"]
[White "Schwarz, Felix"]
[Black "George, Tom"]
[Result "0-1"]
[Termination "normal"]
[Board "8.4"]
[WhiteElo "1813"]
[BlackElo "1650"]
[WhiteTeam "Heilbronner SV"]
[BlackTeam "SG Blau-Weiß Stadtilm"]
[PlyCount "82"]
[WhiteFideId "4639065"]
[BlackFideId "24659487"]
[EventCountry "GER"]
[EventRounds "7"]
[EventType "team-swiss"]
[EventDate "2009.12.26"]

1. d4 Nf6 2. Nf3 d5 3. Bf4 Bf5 4. e3 e6 5. Be2 c5 6. c3 Nc6 7. O-O Qb6 8. b3
Ne4 9. Nh4 g5 10. Nxf5 gxf4 11. Nh4 fxe3 12. fxe3 Bh6 13. Rf3 O-O-O 14. g3 f6
15. Ng2 e5 16. Bd3 Rhf8 17. dxc5 Qxc5 18. Qc1 Nb4 19. Be2 d4 20. Bc4 Nd5 21.
cxd4 exd4 22. Qc2 Ng5 23. Rf1 Nxe3 24. Nxe3 dxe3 25. Qf5+ Qxf5 26. Rxf5 Rd1+
27. Kg2 Re8 28. Rc5+ Kb8 29. Be2 Re1 30. Rc2 Ne4 31. Kf3 Nd2+ 32. Nxd2 Rxa1 33.
Ne4 Rd8 34. Bc4 Rd2 35. Nxd2 exd2 36. Be2 d1=Q 37. Bxd1 Rxd1 38. Ke2 Rc1 39.
Rb2 Rc3 40. Kf2 Be3+ 41. Kg2 Rd3 0-1

[Event "DVM U20 2009"]
[Site "Chemnitz GER"]
[Date "2009.12.28"]
[Round "4"]
[White "Weißbeck, Joachim Daniel"]
[Black "Dopmann, Markus"]
[Result "1-0"]
[Termination "normal"]
[Board "8.6"]
[WhiteElo "1755"]
[BlackElo "1481"]
[WhiteTeam "Heilbronner SV"]
[BlackTeam "SG Blau-Weiß Stadtilm"]
[PlyCount "105"]
[WhiteFideId "4639227"]
[EventCountry "GER"]
[EventRounds "7"]
[EventType "team-swiss"]
[EventDate "2009.12.26"]

1. e4 c5 2. Nf3 d6 3. d4 cxd4 4. Nxd4 Nf6 5. Nc3 a6 6. Be2 Nc6 7. Be3 g6 8. O-O
Bg7 9. Nxc6 bxc6 10. Qd2 O-O 11. Bh6 c5 12. Bxg7 Kxg7 13. Rfd1 Bb7 14. Qf4 Rb8
15. e5 Ne8 16. Bc4 Qc7 17. exd6 exd6 18. Bd5 Qe7 19. b3 Bxd5 20. Rxd5 Rb4 21.
Qd2 f5 22. Re1 Qf6 23. Rd3 Qd8 24. Nd5 Rb7 25. Rh3 Nf6 26. Nxf6 Qxf6 27. c4 Re7
28. Rxe7+ Qxe7 29. Re3 Qd8 30. h3 Re8 31. Qc3+ Kf7 32. Rxe8 Qxe8 33. Qd2 Qe5
34. f4 Qe6 35. Qd5 Kf6 36. Kf2 h6 37. Qc6 d5 38. Qa8 d4 39. Qf8+ Qf7 40. Qd6+
Qe6 41. Qf8+ Qf7 42. Qxc5 Qb7 43. Qxd4+ Ke6 44. Qe5+ Kd7 45. Qg7+ Kc8 46. Qxb7+
Kxb7 47. b4 Kc6 48. Ke3 g5 49. g3 Kd6 50. h4 gxh4 51. gxh4 h5 52. Kd4 Ke6 53.
Kc5 1-0